Vista normal
Vista MARC
Entrada Nombre corporativo
Número de registros utilizados en: 257
001 - NÚMERO DE CONTROL
- Campo de control: 3276
003 - IDENTIFICADOR DE NÚMERO DE CONTROL
- Campo de control: ES-MaCES
005 - FECHA Y HORA DE LA ULTIMA MODIFICACION
- Campo de control: 19981120173000.0
008 - ELEMENTOS DE DATOS DE LONGITUD FIJA
- Campo de longitud fija: 981120 | azznnaabn || ana d
035 ## - NÚMERO DE CONTROL DEL SISTEMA
- Número de control del sistema: CES19980000088e
040 ## - FUENTE DE LA CATALOGACIÓN
- Agencia original de catalogación: ES-MaCES
- Idioma de catalogación: spa
- Agencia de transcripción: ES-MaCES
110 1# - ENCABEZAMIENTO--NOMBRE CORPORATIVO
- Nombre corporativo o de jurisdicción como elemento de entrada: España
- Unidad subordinada: Ministerio de Trabajo y Seguridad Social
410 1# - TRAZADO VEÁSE--NOMBRE CORPORATIVO
- Nombre corporativo o de jurisdicción como elemento de entrada: España
- Unidad subordinada: Ministerio de Trabajo y Seguridad Social
- Unidad subordinada: Oficina Presupuestaria
410 1# - TRAZADO VEÁSE--NOMBRE CORPORATIVO
- Nombre corporativo o de jurisdicción como elemento de entrada: España
- Unidad subordinada: Ministerio de Trabajo y Seguridad Social
- Unidad subordinada: Subdirección General de Estadística e Informática
410 1# - TRAZADO VEÁSE--NOMBRE CORPORATIVO
- Nombre corporativo o de jurisdicción como elemento de entrada: España
- Unidad subordinada: Ministerio de Trabajo y Seguridad Social
- Unidad subordinada: Subdirección General de Información Administrativa
901 ## - CES. DATOS SIRTEX
- ID Sirtex (N5N8): 0001800000008
- 005BIS Sirtex: 199811201730MIG

